Villes du Tarn (81) - Mort subite - Statistiques

Statistiques générales
  • Ce quiz a été pris 148 fois
  • Le résultat moyen est 10 sur 20
Answers on the Grid
Answers color-coded by a green-red scale on the quiz's grid according to % correct below.
Albi
Graulhet
Lavaur
Castres
Lautrec
Cordes-sur-Ciel
Gaillac
Mazamet
Carmaux
Lacaune
Réalmont
Soual
Sorèze
Saint-Sulpice-la-Pointe
Rabastens
Lisle-sur-Tarn
Saint-Martin-Laguépie
Saïx
Marssac-sur-Tarn
Saint-Juéry
Laguépie
Najac
Villefranche-de-Rouergue
Réquista
Revel
Saint-Affrique
Caussade
Villemur-sur-Tarn
Figeac
Mirepoix
 
Statistiques - réponses
Réponse % Correct
Albi
73%
Castres
63%
Gaillac
60%
Lavaur
59%
Carmaux
57%
Mazamet
57%
Graulhet
56%
Cordes-sur-Ciel
51%
Lisle-sur-Tarn
50%
Rabastens
50%
Réalmont
50%
Lautrec
49%
Saint-Juéry
49%
Lacaune
46%
Marssac-sur-Tarn
44%
Saïx
40%
Saint-Sulpice-la-Pointe
39%
Soual
36%
Sorèze
33%
Saint-Martin-Laguépie
19%
Aucun quiz correspondant
Distribution des résultats
% des personnes avec chaque résultat
Percentile par nombre de réponses
Votre historique - résultats
Vous n’avez pas pris ce quiz